Statistics for Boston Celtics Top 10 Leaders Playoffs

Click here to take the quiz!

General Stats

  • This quiz has been taken 126 times
    (28 since last reset)
  • The average score is 16 of 25

Answer Stats

Answer % Correct
Kevin McHale
100%
Paul Pierce
96%
Bill Russell
96%
Bob Cousy
96%
Larry Bird
96%
Robert Parish
96%
John Havlicek
92%
Kevin Garnett
92%
Ray Allen
92%
K.C. Jones
80%
Sam Jones
80%
Rajon Rondo
80%
Kendrick Perkins
72%
Dave Cowens
72%
Danny Ainge
64%
Tom Heinsohn
64%
Dennis Johnson
64%
Jo Jo White
60%
Cedric Maxwell
44%
Tom Sanders
32%
Al Horford
24%
Marcus Smart
20%
Don Nelson
12%
Paul Silas
8%
Tony Battie
8%

Score Distribution

Percentile by Number Answered

Percent of People with Each Score

Your Score History

You have not taken this quiz since the last reset